| 000 | 00429nam a22001577a 4500 | ||
|---|---|---|---|
| 005 | 20251108164206.0 | ||
| 008 | 250721s1988 xx 000 0 ara d | ||
| 082 | 1 | 4 | _a215.2/موس |
| 100 | 1 | _aالموسوي، موسى | |
| 245 | 1 | 0 |
_aالشيعة و التصحيح : _bالصراع بين الشيعة و التشيع / |
| 264 | _c1988. | ||
| 300 | _a160ص. | ||
| 650 | 1 | 7 | _aالشيعة |
| 942 |
_2ddc _cBK |
||
| 999 |
_c5983 _d5983 |
||